| 000 | 00466nam a2200181Ia 4500 | ||
|---|---|---|---|
| 001 | 23492 | ||
| 005 | 20260414150940.0 | ||
| 008 | 260414t2015||||xx |||||||||||||| ||spa|| | ||
| 041 | _aESP | ||
| 082 |
_a650.12 _bB79 |
||
| 100 |
_aBoza, Beatriz _eAUT |
||
| 245 | 0 |
_aEmpresarios : _b14 decisiones empresariales que han transformado el Perú. |
|
| 260 | _c2015 | ||
| 300 |
_a197 páginas : _c23 cm. |
||
| 650 | _aGEN | ||
| 654 | _aCCO | ||
| 942 |
_cLIB _dJUS _fJUS _2ddc _n |
||
| 999 |
_c23492 _d23492 |
||